Music Quiz

Random Music or Taylor Swift Quiz

Taylor Swift Songs Quiz Stats

 Plays Quiz not verified by Sporcle

Challenge
Share
Tweet
Score 0/17 Timer 01:30
0 Plays Today
% Correct
22
93.3%
Red
93.3%
Mean
93.3%
Better Than Revenge
90%
Enchanted
87.8%
Speak Now
86.7%
Long Live
86.7%
Today was a Fairytale
83.3%
Stay, Stay, Stay
82.2%
% Correct
Safe and Sound
78.9%
Tell Me Why
77.8%
Picture to Burn
77.8%
Our Song
75.6%
Sparks Fly
71.1%
Superstar
65.6%
The Other Side of the Door
64.4%
Come in with the Rain
61.1%

You're not logged in!

Compare scores with friends on all Sporcle quizzes.
Join for Free
OR
Log In

You Might Also Like...

Show Comments

Extras

Top Quizzes Today


Score Distribution

Your Account Isn't Verified!

In order to create a playlist on Sporcle, you need to verify the email address you used during registration. Go to your Sporcle Settings to finish the process.

Report this User

Report this user for behavior that violates our Community Guidelines.

Details: